[Event "HUN-ch"]
[Site "Budapest"]
[Date "1971.??.??"]
[Round "11"]
[White "Sax, Gyula"]
[Black "Dely, Peter"]
[Result "1/2-1/2"]
[WhiteElo "2400"]
[BlackElo "2480"]

1.e4 c5 2.Nc3 Nc6 3.Nge2 g6 4.d4 cxd4 5.Nxd4 Bg7 6.Be3 d6 7.Qd2 Nf6 8.f3 O-O
9.Bc4 Bd7 10.Bb3 Ne5 11.O-O-O Rc8 12.h4 h5 13.Bh6 Nc4 14.Bxc4 Rxc4 15.Bxg7 Kxg7
16.g4 hxg4 17.h5 Rh8 18.hxg6 fxg6 19.f4 e5 20.Nde2 Rxh1 21.Rxh1 Nxe4 22.Nxe4 Rxe4
23.fxe5 Rxe2 24.Qh6+ Kf7 25.Qh7+ Ke6 26.Qxg6+ Kxe5 27.Rh5+ Kf4 28.Qxd6+ Kf3
29.Qd5+ Kf4 30.Qd6+ Kf3 31.Qd5+ Kf4 32.Qd4+ Kf3 33.Qd3+ Re3 34.Qd5+ Kg3 35.Qd6+ Kf3
36.Qd1+ Kg3 37.Qg1+ Kf3 38.Qh1+ Kg3 39.Qh2+ Kf3 40.Qh1+ Kg3 41.Qg1+  1/2-1/2

[Event "Capablanca mem"]
[Site "Havana"]
[Date "1971.??.??"]
[Round "10"]
[White "Troianescu, Octavio"]
[Black "Barczay, Laszlo"]
[Result "1/2-1/2"]
[WhiteElo "2320"]
[BlackElo "2470"]

1.e4 c5 2.Nc3 Nc6 3.Nge2 g6 4.d4 cxd4 5.Nxd4 Bg7 6.Be3 Nf6 7.Nb3 O-O 8.Be2 d6
9.O-O Be6 10.f4 Qc8 11.h3 Rd8 12.Bf3 Bc4 13.Rf2 d5 14.exd5 Nxd5 15.Nxd5 e6
16.Rd2 Bxd5 17.Bxd5 Rxd5 18.Rxd5 exd5 19.c3 Qf5 20.Qd2 Re8 21.Rd1 b6 22.Bf2 Bf6
23.g4 Qc8 24.Qxd5 Rd8 25.Qf3 Rxd1+ 26.Qxd1 Qe6 27.Qd3 Be7 28.Kg2 f5 29.gxf5 gxf5
30.Nc1 Kf7 31.Ne2 Bf6 32.b3 Ne7 33.c4 Ng6 34.Bg3 Ne7 35.Ng1 Nc6 36.a3 Na5
37.Bf2 Qe4+ 38.Qxe4 fxe4 39.Ne2 Nxb3 40.Ng3 Be7 41.a4 Nd2 42.Bd4 Bf6 43.Bxf6 Kxf6
44.Kf2 Nxc4 45.Nxe4+ Kf5 46.Kf3 a6 47.Ng3+ Ke6 48.Ne4 Nb2 49.Nc3 Kf5 50.Ke3 h6
51.Kf3  1/2-1/2

[Event "Novy Smokovec"]
[Site "Novy Smokovec"]
[Date "1971.??.??"]
[Round "3"]
[White "Espig, Lutz"]
[Black "Privara, Igor"]
[Result "1-0"]
[WhiteElo "2460"]
[BlackElo "2200"]

1.e4 c5 2.Nc3 Nc6 3.Nge2 g6 4.d4 cxd4 5.Nxd4 Bg7 6.Be3 Nf6 7.Bc4 Qa5 8.O-O O-O
9.Bb3 d6 10.h3 Bd7 11.Re1 Rfe8 12.Qe2 Rab8 13.Rad1 b5 14.Ndxb5 Nxe4 15.Qc4 Nf6
16.Bg5 Rf8 17.Qa4 Qb6 18.Qh4 d5 19.Na3 Be6 20.Na4 Qa5 21.Bd2 Nb4 22.Nb1 Ne4
23.Rxe4 dxe4 24.a3 Bxb3 25.cxb3 Rfd8 26.axb4 Qd5 27.Re1 Qxb3 28.Nc5 Qxb2
29.Nxe4 Rd7 30.Qf4 Rbd8 31.Bc3 Bxc3 32.Nbxc3 Rd4 33.Qc7 Qxb4 34.Rb1 Qc4 35.Qxe7 Qd3
36.Rd1 Qc2 37.Rxd4 Rxd4 38.Qe8+  1-0

[Event "IBM-B"]
[Site "Amsterdam"]
[Date "1972.??.??"]
[Round "4"]
[White "Hennings, Artur"]
[Black "Sax, Gyula"]
[Result "1-0"]
[WhiteElo "2475"]
[BlackElo "2400"]

1.e4 c5 2.Nc3 Nc6 3.Nf3 g6 4.d4 cxd4 5.Nxd4 Bg7 6.Be3 Nf6 7.Bc4 O-O 8.O-O d6
9.h3 a6 10.Re1 Na5 11.Bb3 Nxb3 12.axb3 b5 13.b4 Bb7 14.f3 a5 15.bxa5 b4 16.Nce2 Rxa5
17.Qd2 Rxa1 18.Rxa1 Qc8 19.Qxb4 e5 20.Nb5 Qxc2 21.Kf2 Nxe4+ 22.fxe4 f5 23.Nxd6 fxe4+
24.Ke1 Bd5 25.Rc1 Qd3 26.Rc3 Qa6 27.Qa3 Qxa3 28.bxa3  1-0

[Event "IBM-B"]
[Site "Amsterdam"]
[Date "1972.??.??"]
[Round "11"]
[White "Van Baarle, C John"]
[Black "Van Geet, Dirk Daniel"]
[Result "0-1"]
[WhiteElo "2350"]
[BlackElo "2380"]

1.e4 c5 2.Nf3 Nc6 3.Nc3 e5 4.Bc4 d6 5.d3 h6 6.Nd5 g6 7.c3 Bg7 8.Be3 Nf6 9.h3 O-O
10.Qd2 Kh7 11.Nxf6+ Qxf6 12.h4 Qe7 13.h5 g5 14.Nh2 f5 15.f3 f4 16.Bf2 Bd7
17.Qe2 b5 18.Bxb5 Nd4 19.cxd4 Bxb5 20.d5 Qb7 21.b3 a5 22.g4 fxg3 23.Bxg3 a4
24.bxa4 Rxa4 25.Ng4 c4 26.dxc4 Bxc4 27.Qc2 Rxf3 28.Bf2 Bd3 29.Qxa4 Qb2 30.Qd1 Qc3+
31.Qd2 Qxa1+ 32.Qd1 Qxd1+ 33.Kxd1 Bxe4 34.Ke2 Ra3 35.Rg1 Bxd5 36.Ne3 Rxa2+
37.Kd3  0-1

[Event "Esbjerg op"]
[Site "Esbjerg"]
[Date "1972.??.??"]
[Round "3"]
[White "Brondum, Eric"]
[Black "Petersen, Finn"]
[Result "1/2-1/2"]
[WhiteElo "2200"]
[BlackElo "2340"]

1.e4 c5 2.Nc3 Nc6 3.Nf3 g6 4.d4 cxd4 5.Nxd4 Bg7 6.Be3 Nf6 7.Bc4 Qa5 8.O-O d6
9.Nb3 Qc7 10.Be2 O-O 11.f4 a5 12.a4 Nb4 13.Rf2 Rd8  1/2-1/2

[Event "WchT U26"]
[Site "Graz"]
[Date "1972.??.??"]
[Round "1"]
[White "Shahsavar, Khosro"]
[Black "Sax, Gyula"]
[Result "0-1"]
[WhiteElo "2200"]
[BlackElo "2445"]

1.e4 c5 2.Nc3 Nc6 3.Nf3 g6 4.d4 cxd4 5.Nxd4 Bg7 6.Be3 Nf6 7.Be2 O-O 8.f4 d5
9.e5 Ne8 10.Bf3 Nc7 11.Nb3 e6 12.Bc5 Re8 13.Qe2 b6 14.Bd6 Ba6 15.Qe3 Ne7
16.g4 Nc8 17.Ba3 Qh4+ 18.Kd2 f6 19.exf6 Qxf6 20.g5 Qd8 21.Qf2 Nd6 22.Bxd6 Qxd6
23.Bg2 Rf8 24.Rae1 Rxf4 25.Qg3 Be5 26.Kc1 Rf5 27.Qh4 Rxg5 28.Bh3 Bf4+ 29.Kb1 e5
30.Rd1 Rh5 31.Qg4 Bc8  0-1

[Event "WchT U26"]
[Site "Graz"]
[Date "1972.??.??"]
[Round "2"]
[White "Harandi, Khosro"]
[Black "Ivarsson, Johnny"]
[Result "1-0"]
[WhiteElo "2270"]
[BlackElo "2420"]

1.e4 c5 2.Nc3 Nc6 3.Nf3 g6 4.d4 cxd4 5.Nxd4 Bg7 6.Be3 Nf6 7.Be2 d6 8.O-O O-O
9.Qd2 Ng4 10.Bxg4 Bxg4 11.f4 Bd7 12.Rad1 Re8 13.f5 Ne5 14.Bh6 Bh8 15.Qf4 Bc6
16.Rf2 Qb6 17.Nb3 Rac8 18.h4 a5 19.a4 Qa7 20.h5 Bg7 21.Bxg7 Kxg7 22.f6+ Kg8
23.fxe7 Rxe7 24.h6 f5 25.exf5 Rf7 26.Nd4 Kh8 27.Ncb5 Qc5 28.Ne6 Qb4 29.Nxd6 Rxf5
30.Qxb4 axb4 31.Nxc8  1-0

[Event "WchT U26"]
[Site "Graz"]
[Date "1972.??.??"]
[Round "5"]
[White "Kristiansen, Jens"]
[Black "Tukmakov, Vladimir B"]
[Result "0-1"]
[WhiteElo "2360"]
[BlackElo "2560"]

1.e4 c5 2.Nc3 Nc6 3.Nge2 d6 4.d4 cxd4 5.Nxd4 e6 6.Bc4 Nf6 7.Bb3 Be7 8.Be3 a6
9.Qe2 Qc7 10.O-O-O Na5 11.g4 b5 12.g5 Nxb3+ 13.axb3 Nd7 14.b4 O-O 15.f4 a5
16.Ncxb5 Qb7 17.f5 axb4 18.f6 gxf6 19.Rhg1 Kh8 20.gxf6 Nxf6 21.Bh6 Rg8 22.Rxg8+ Nxg8
23.Be3 Ra1+ 24.Kd2 Rxd1+ 25.Qxd1 e5  0-1

[Event "URS-chT Moscow"]
[Site "Moscow"]
[Date "1972.??.??"]
[Round "?"]
[White "Romanishin, Oleg M"]
[Black "Panchenko, Alexander N"]
[Result "1/2-1/2"]
[WhiteElo "2200"]
[BlackElo "2370"]

1.e4 c5 2.Nf3 Nc6 3.Nc3 d6 4.d4 cxd4 5.Nxd4 Nf6 6.Bc4 Bd7 7.O-O g6 8.Nxc6 Bxc6
9.Bg5 Bg7 10.Nd5 O-O 11.Bxf6 Bxf6 12.Nxf6+ exf6 13.Qd4 Qe7 14.f3 Rfd8 15.Rad1 Qe5
16.c3 Qxd4+ 17.Rxd4 Kf8 18.h4 Rac8 19.Kf2 Bd7 20.Rfd1 Ke7 21.Bd5 b6 22.Ke3 h6
23.Rh1 f5 24.Re1 Kf6 25.Kf2 f4 26.Bb7 Rb8 27.Ba6 Be6 28.a4 Ke5 29.Red1 Rd7
30.Bb5 Rdd8 31.Ba6 Rd7 32.g4 fxg3+ 33.Kxg3 g5 34.hxg5 hxg5 35.Bb5 Rdd8 36.Bf1 Rd7
37.Bh3 Rh8 38.Rd5+ Kf6 39.e5+ Kg6 40.Bxe6 fxe6 41.Rxd6 Re7 42.Rd7 Reh7 43.Rxh7 Rxh7
44.Ra1 Kf5 45.a5 bxa5 46.Rxa5 Rb7 47.b4 Rc7  1/2-1/2

[Event "URS-chT Moscow"]
[Site "Moscow"]
[Date "1972.??.??"]
[Round "?"]
[White "Saunina, Ludmila"]
[Black "Chernaya"]
[Result "0-1"]
[WhiteElo "2295"]
[BlackElo "2000"]

1.e4 c5 2.Nc3 Nc6 3.Nge2 Nf6 4.g3 d5 5.exd5 Nxd5 6.Bg2 Nc7 7.Ne4 e5 8.h3 Be7
9.d3 O-O 10.O-O Nd4 11.Kh2 h6 12.f4 exf4 13.Nxf4 Rb8 14.Be3 b6 15.Nh5 Nd5
16.Bd2 Bb7 17.Qg4 g5 18.Rf5 Nxf5 19.Qxf5 Qc8 20.Nef6+ Nxf6 21.Nxf6+ Bxf6
22.Qxf6 Qe6 23.Qf2 Bxg2 24.Qxg2 Rbd8 25.Bc3 Qd5 26.Qf2 f5 27.h4 f4 28.Rg1 f3
29.Re1 Rde8 30.hxg5 Rxe1 31.Qxe1 f2 32.Qf1 Qxg5 33.b3 Rf3 34.Qh3 Qxg3+  0-1

[Event "Skopje ol (Men) fin-A"]
[Site "Skopje"]
[Date "1972.??.??"]
[Round "1"]
[White "Pedersen, Eigil"]
[Black "Jansa, Vlastimil"]
[Result "0-1"]
[WhiteElo "2200"]
[BlackElo "2480"]

1.e4 c5 2.Nc3 Nc6 3.Nf3 e6 4.g3 d6 5.Bg2 Nf6 6.O-O Be7 7.Re1 a6 8.d3 O-O
9.e5 dxe5 10.Nxe5 Nxe5 11.Rxe5 Qc7 12.Re1 Bd7 13.Bf4 Qc8 14.g4 Bc6 15.g5 Nd7
16.Bh3 Qd8 17.Qg4 e5 18.Bd2 f5 19.Qc4+ Kh8 20.f4 Bd6 21.Bg2 Bxg2 22.Kxg2 exf4
23.Qe6 Qc7 24.Nd5 f3+ 25.Kxf3 Qc6 26.Bf4 Bxf4 27.Qxc6 bxc6 28.Nxf4 Rfe8 29.Ne6 Kg8
30.Nc7 Rxe1 31.Rxe1 Ra7 32.Ne8 Nf8 33.Nd6 g6 34.h4 Rd7 35.Ne8 Kf7 36.Nf6 Rd4
37.Kg3 h6 38.Re5 hxg5 39.hxg5 Ne6 40.Ne8  0-1

[Event "Skopje ol (Men) fin-B"]
[Site "Skopje"]
[Date "1972.??.??"]
[Round "1"]
[White "Makropoulos, Georgios"]
[Black "Biyiasas, Peter"]
[Result "1/2-1/2"]
[WhiteElo "2200"]
[BlackElo "2390"]

1.e4 c5 2.Nc3 Nc6 3.Nf3 g6 4.d4 cxd4 5.Nxd4 Bg7 6.Be3 Nf6 7.Bc4 Qa5 8.O-O O-O
9.Bb3 d6 10.Nd5 Re8 11.Nxf6+ Bxf6 12.c3 Bd7 13.f4 Rac8 14.Nf3 Qc7 15.Kh1 Na5
16.e5 Nxb3 17.axb3 Bg7 18.Rxa7 Bb5 19.Rf2 Ba6 20.Bd4 dxe5 21.fxe5 Red8 22.h3 e6
23.Qd2 Rd7 24.Qe3 h5 25.Rd2 Qc6 26.Rd1 Rcd8 27.Rd2 Bf8 28.b4 Be7 29.Rf2 Qb5
30.Kg1 Kg7 31.Ng5 Bxg5 32.Qxg5 Qd3 33.Rd2 Qe4 34.Qf6+ Kg8 35.Qf2 Rd5 36.Kh2 R5d7
37.Kg1 f5 38.Kh2 f4 39.Qf3 Qxf3 40.gxf3 Rd5 41.Rg2 Kf7 42.h4 R8d7 43.b3 Bb5
44.Ra1 Bd3 45.Rd2 Bf5 46.Rad1 Rd8 47.c4 R5d7 48.b5 Bc2 49.Rxc2 Rxd4 50.Rxd4 Rxd4
51.c5 Ke7 52.Rc4 Rd3 53.b4 Rxf3 54.b6 Kd7 55.Rd4+ Kc6 56.Rd6+ Kb5 57.Rxe6 Rb3
58.Re8 Rxb4 59.e6 Kxc5 60.e7  1/2-1/2

[Event "Skopje ol (Men) fin-A"]
[Site "Skopje"]
[Date "1972.??.??"]
[Round "2"]
[White "Schoeneberg, Manfred"]
[Black "Partos, Charles"]
[Result "0-1"]
[WhiteElo "2470"]
[BlackElo "2425"]

1.e4 c5 2.Nc3 Nc6 3.Nge2 d6 4.d4 cxd4 5.Nxd4 Nf6 6.Be2 e5 7.Nb3 Be6 8.f4 exf4
9.Bxf4 Be7 10.Nd4 Ne5 11.Nxe6 fxe6 12.Qd4 Qb8 13.O-O-O a6 14.Bxe5 dxe5 15.Qe3 Qc7
16.Qh3 Qc6 17.Qg3 O-O 18.Qxe5 Rac8 19.Rd3 b5 20.a3 Nd7 21.Qh5 g6 22.Qh6 Ne5
23.Rh3 Rf7 24.Rg3 Bf8 25.Qg5 Bg7 26.Rd1 Bf6 27.Qh6 Rb7 28.Qf4 Bg7 29.h4 a5
30.h5 b4 31.hxg6 hxg6 32.Rh1 Rf7 33.Qh4 Bf6 34.Qh6 bxc3 35.Rxc3 Qb7 36.Rxc8+ Qxc8
37.Kb1 Qb7 38.b3 Qxe4 39.Bb5 Ng4 40.Qc1 Qe5  0-1

[Event "Skopje ol (Men) fin-A"]
[Site "Skopje"]
[Date "1972.??.??"]
[Round "4"]
[White "Pedersen, Eigil"]
[Black "Kane, George Francis"]
[Result "1-0"]
[WhiteElo "2200"]
[BlackElo "2200"]

1.e4 c5 2.Nc3 Nc6 3.Nf3 d6 4.Bc4 Nf6 5.d3 g6 6.O-O Bg7 7.a3 O-O 8.Re1 Bg4
9.h3 Bxf3 10.Qxf3 Nd7 11.Qd1 Nde5 12.Ba2 Nd4 13.Ne2 Nxe2+ 14.Qxe2 e6 15.Be3 b5
16.c3 Rc8 17.Rad1 Qd7 18.d4 cxd4 19.Bxd4 a5 20.f4 Nc4 21.Bxg7 Kxg7 22.Kh1 Qe7
23.a4 Qb7 24.b3 Nb6 25.Qxb5 Rc5 26.Qd3 Nc8 27.b4 Rh5 28.Rb1 Qd7 29.Bb3 Nb6
30.Bd1  1-0

[Event "Skopje ol (Men) prel"]
[Site "Skopje"]
[Date "1972.??.??"]
[Round "5"]
[White "Zwaig, Arne"]
[Black "Chami, Abdesselam"]
[Result "1-0"]
[WhiteElo "2425"]
[BlackElo "2200"]

1.e4 c5 2.Ne2 Nc6 3.Nbc3 Nf6 4.d3 h6 5.g3 d6 6.Bg2 a6 7.h3 e6 8.O-O Be7 9.f4 Qc7
10.f5 e5 11.g4 b5 12.Ng3 Nb8 13.Qe2 Bb7 14.h4 Nbd7 15.g5 hxg5 16.hxg5 Ng8
17.a4 b4 18.Nd5 Bxd5 19.exd5 a5 20.Be3 Qd8 21.Qg4 Qc7 22.Be4 Ngf6 23.gxf6 Nxf6
24.Qf3 O-O-O 25.b3 Rh3 26.Kg2 Rhh8 27.Rh1 Rdf8 28.Rag1 Qd8 29.Kf1 Rhg8 30.Ke2 Kc7
31.Kd1 Kd7 32.Nh5 Ne8 33.Rg2 Kc7 34.Rhg1 g6 35.Bh6 Rh8 36.Bxf8 Rxf8 37.Ng3 Bh4
38.fxg6 Be7 39.gxf7 Nf6 40.Nf5  1-0

[Event "Skopje ol (Men) fin-A"]
[Site "Skopje"]
[Date "1972.??.??"]
[Round "6"]
[White "Pedersen, Eigil"]
[Black "Hase, Juan C"]
[Result "0-1"]
[WhiteElo "2375"]
[BlackElo "2200"]

1.e4 c5 2.Nc3 Nc6 3.Nf3 d6 4.Bc4 Nf6 5.d3 e6 6.O-O Be7 7.Re1 a6 8.a4 O-O
9.h3 h6 10.Bf4 d5 11.exd5 exd5 12.Bb3 Be6 13.Ne5 Nd4 14.Ba2 Bd6 15.Ne2 Qc7
16.Nxd4 cxd4 17.Bb3 Rfe8 18.Qf3 Bxh3 19.Ng6 fxg6 20.Bxd6 Qxd6 21.Qxh3 a5
22.Qf3 Re5 23.Rxe5 Qxe5 24.Rc1 Kh7 25.c4 dxc3 26.bxc3 Rc8 27.Qe3 Rxc3 28.Rxc3 Qxc3
29.Bd1 d4 30.Qe2 Qc1 31.Kh2 Qb1 32.Qd2 b6 33.Bf3 Qb4 34.Qa2 Qc3 35.Qb1 Qb4
36.Qa2 b5 37.axb5 Qxb5  0-1

[Event "Skopje ol (Men) prel"]
[Site "Skopje"]
[Date "1972.??.??"]
[Round "6"]
[White "Barrientos, Ventura"]
[Black "Dueball, Juergen"]
[Result "0-1"]
[WhiteElo "2200"]
[BlackElo "2425"]

1.e4 c5 2.Nf3 Nc6 3.Nc3 g6 4.d4 cxd4 5.Nxd4 Bg7 6.Be3 Nf6 7.Be2 O-O 8.O-O d5
9.exd5 Nb4 10.d6 Qxd6 11.Ncb5 Qb8 12.c4 a6 13.Nc3 Rd8 14.Qb3 e5 15.Nf3 Nc6
16.Rfd1 e4 17.Rxd8+ Nxd8 18.Nd4 Qe5 19.Qb6 Bg4 20.Nc2 Bxe2 21.Nxe2 Ng4 22.Bf4 Qxb2
23.Qxb2 Bxb2 24.Rb1 Bg7 25.Ne3 Ne5 26.Bxe5 Bxe5 27.Nd5 b5  0-1

[Event "Skopje ol (Men) fin-D"]
[Site "Skopje"]
[Date "1972.??.??"]
[Round "7"]
[White "Kadri, Mokhtar"]
[Black "Constantinou, Agathoclis"]
[Result "1/2-1/2"]
[WhiteElo "2200"]
[BlackElo "2200"]

1.e4 c5 2.Nc3 Nc6 3.Nf3 g6 4.d3 Bg7 5.Be2 Nf6 6.O-O d6 7.Rb1 O-O 8.h3 Re8
9.Bf4 e5 10.Bg5 a6 11.Bd2 d5 12.Re1 b5 13.Bf1 Be6 14.b3 d4 15.Ne2 c4 16.Ng3 c3
17.Bc1  1/2-1/2

[Event "Skopje ol (Men) fin-C"]
[Site "Skopje"]
[Date "1972.??.??"]
[Round "8"]
[White "Shashavar, Khosro"]
[Black "Pritchett, Craig William"]
[Result "1/2-1/2"]
[WhiteElo "2200"]
[BlackElo "2340"]

1.e4 c5 2.Nc3 Nc6 3.Nf3 e6 4.g3 d5 5.d3 Nf6 6.exd5 exd5 7.Bg2 d4 8.Ne4 Nxe4
9.dxe4 Be7 10.O-O O-O 11.Qd2 c4 12.Rd1 Bg4 13.Qf4 Bxf3 14.Bxf3 Bf6 15.Be2 Ne5
16.Be3 Ng6 17.Qf5 Qb6 18.Bc1 Rac8 19.Rb1 Rfd8 20.b3 d3 21.cxd3 c3 22.Be3 Qa6
23.Rbc1 Qxa2 24.Re1 c2 25.d4 Qxb3 26.e5 Be7 27.Bd3 Ba3 28.Bxc2 Qe6 29.Rb1 Rc7
30.f4 a5 31.Qxe6 fxe6 32.Bb3 Kf7 33.f5 Ne7 34.Rf1 Nd5 35.Bg5 Be7 36.fxe6+ Kxe6
37.Bxd5+ Rxd5 38.Bd2 Rxd4 39.Bxa5 Rcc4 40.Rxb7 Bc5 41.Kh1 Rg4 42.Rc7 Kxe5
43.Rff7 g5 44.Bd2 h6 45.Rc6 Bd6 46.Bc3+ Kd5 47.Rxc4 Kxc4 48.Bg7 h5 49.Rd7 Kc5
50.Bb2 Kc6 51.Rh7 Rb4 52.Rxh5 Rxb2 53.Rxg5 Kd7 54.h4 Rb3  1/2-1/2

[Event "Skopje ol (Men) fin-C"]
[Site "Skopje"]
[Date "1972.??.??"]
[Round "10"]
[White "Escondrillas, Carlos"]
[Black "Silva, Fernando"]
[Result "1/2-1/2"]
[WhiteElo "2200"]
[BlackElo "2295"]

1.e4 c5 2.Nf3 Nc6 3.Nc3 g6 4.g3 Bg7 5.Bg2 d6 6.d3 e6 7.O-O Nge7 8.Bf4 e5
9.Bg5 h6 10.Bd2 Be6 11.Ne2 Qd7 12.c3 d5 13.Ne1 O-O-O 14.Be3 dxe4 15.Bxe4 f5
16.Bg2 c4 17.d4 exd4 18.Nxd4 Nxd4 19.Bxd4 Bxd4 20.cxd4 Qxd4 21.Qxd4 Rxd4
22.Nf3 Rd6 23.Rfc1 Nc6 24.Bf1 b5 25.b3 cxb3 26.axb3 Kb7 27.Bxb5 Nd4 28.Nxd4  1/2-1/2

[Event "Skopje ol (Men) fin-A"]
[Site "Skopje"]
[Date "1972.??.??"]
[Round "11"]
[White "Vogt, Lothar"]
[Black "Pribyl, Josef"]
[Result "1-0"]
[WhiteElo "2390"]
[BlackElo "2450"]

1.e4 c5 2.Nc3 Nc6 3.Nge2 g6 4.d4 cxd4 5.Nxd4 Bg7 6.Be3 Nf6 7.Bc4 O-O 8.Bb3 d6
9.f3 Qa5 10.Qd2 Nxd4 11.Bxd4 Be6 12.O-O-O b5 13.Kb1 b4 14.Ne2 Bxb3 15.cxb3 e5
16.Bf2 d5 17.exd5 Rfd8 18.d6 Bf8 19.Qg5 Nd5 20.Ng3 Rxd6 21.Be1 Bg7 22.Ne4 Rc6
23.a3 h6 24.Qd2 Rd8 25.axb4 Qc7 26.Qe2 Bf8 27.Qb5 Ne3 28.Rxd8 Rc1+ 29.Ka2 Qxd8
30.Bc3 Nd1 31.Bd2 a6 32.Qxe5 Bg7 33.Qa5 Qxa5+ 34.bxa5 Nc3+ 35.Bxc3 Rxh1 36.Bxg7 Kxg7
37.Nc5 Rxh2 38.Nxa6 Rxg2 39.Nb8 Rg5 40.b4 Rb5 41.Nc6 h5 42.a6 h4 43.a7 h3
44.Nd4 Rh5 45.Ne2 h2 46.Ng3 Rg5 47.Nh1 Rg1 48.a8=Q Rxh1 49.Qe4 Ra1+ 50.Kxa1 h1=Q+
51.Ka2 f5 52.Qd5 Qe1 53.b5 Qb4 54.b3 Kh6 55.Kb2 Kh5 56.Kc2 Qe1 57.Kd3 Qb4
58.Qc4 Qe1 59.Qc6 g5 60.b6 Qd1+ 61.Kc4 Qc2+ 62.Kd5 Qxb3+ 63.Ke5 g4 64.b7 gxf3
65.Qe8+ Kg4 66.b8=Q Qc3+ 67.Ke6 Qc4+ 68.Kf6 f2 69.Qg6+ Kf3 70.Qgg3+ Ke2 71.Qb2+ Kd1
72.Qf3+  1-0

[Event "Skopje ol (Men) fin-B"]
[Site "Skopje"]
[Date "1972.??.??"]
[Round "13"]
[White "Minaya, Juan M"]
[Black "Suradiradja, Herman"]
[Result "1/2-1/2"]
[WhiteElo "2200"]
[BlackElo "2200"]

1.e4 c5 2.Nc3 Nc6 3.Nf3 g6 4.d4 cxd4 5.Nxd4 Bg7 6.Be3 Nf6 7.Bc4 Qa5 8.O-O Qb4
9.Bb3 Nxe4 10.Nd5 Qa5 11.Nxc6 bxc6 12.Bf4 e5 13.Re1 f5 14.Nc3 d5 15.Nxe4 fxe4
16.Bd2 Qc7 17.c4 Be6 18.cxd5 cxd5 19.Rc1 Qb7 20.Rxe4 O-O 21.Re3 Kh8 22.Rec3 Qb6
23.Be1 d4 24.Rc6 Bxb3 25.axb3 Qb7 26.Rc7 Qd5 27.Qg4 Rf7 28.Rc8+ Rf8 29.Rxf8+ Rxf8
30.Rc8 Qxb3 31.Rxf8+ Bxf8 32.Qc8 Kg8  1/2-1/2

[Event "Skopje ol (Men) fin-C"]
[Site "Skopje"]
[Date "1972.??.??"]
[Round "14"]
[White "Shashavar, Khosro"]
[Black "Fuller, Maxwell L"]
[Result "0-1"]
[WhiteElo "2200"]
[BlackElo "2280"]

1.e4 c5 2.Nc3 Nc6 3.Nf3 e5 4.Bc4 d6 5.d3 Be7 6.h3 Nf6 7.Ng5 O-O 8.f4 h6 9.Nf3 Nh5
10.Nxe5 Bh4+ 11.Kd2 Nxf4 12.Nxc6 bxc6 13.Qf3 Ng6 14.Kd1 Ne5 15.Qh5 Nxc4 16.dxc4 Bf6
17.Bd2 Be6 18.b3 Be5 19.Rf1 Qd7 20.g4 f6 21.Ke2 Rae8 22.Rad1 Bd4 23.Kd3 Kh7
24.Qh4 d5 25.Ke2 g5 26.Qg3 f5 27.gxf5 Bxf5 28.Rde1 Bxh3 29.Rxf8 Rxf8 30.Bxg5 Qg4+
31.Qxg4 Bxg4+  0-1

[Event "Skopje ol (Men) fin-C"]
[Site "Skopje"]
[Date "1972.??.??"]
[Round "14"]
[White "Moles, John"]
[Black "Levy, David Neil Lawrence"]
[Result "1/2-1/2"]
[WhiteElo "2270"]
[BlackElo "2350"]

1.e4 c5 2.Nc3 Nc6 3.Nf3 g6 4.d4 cxd4 5.Nxd4 Bg7 6.Be3 Nf6 7.Bc4 d6 8.f3 O-O
9.Qd2 Bd7 10.O-O-O Qb8 11.Nd5 Nxd5 12.exd5 Ne5 13.Be2 Rc8 14.Bh6 Bh8 15.g4 Nc4
16.Bxc4 Rxc4 17.Be3 Qd8 18.Kb1 Rac8 19.Rc1 Ra4 20.Nb3  1/2-1/2

[Event "Stary Smokovec"]
[Site "Stary Smokovec"]
[Date "1972.??.??"]
[Round "4"]
[White "Vogt, Lothar"]
[Black "Pribyl, Josef"]
[Result "1-0"]
[WhiteElo "2390"]
[BlackElo "2435"]

1.e4 c5 2.Nc3 Nc6 3.Nge2 g6 4.d4 cxd4 5.Nxd4 Bg7 6.Be3 Nf6 7.Bc4 O-O 8.Bb3 d6
9.f3 Qa5 10.Qd2 Bd7 11.O-O-O Rfc8 12.Kb1 Ne5 13.Bg5 Nc4 14.Bxc4 Rxc4 15.Nb3 Qa6
16.Bxf6 Bxf6 17.Nd5 Be5 18.Nxe7+ Kf8 19.Nd5 Rac8 20.c3 Ba4 21.f4 Bg7 22.f5 Rxe4
23.f6 Bh8 24.Rhe1 Rce8 25.Qh6+ Kg8 26.Rxe4 Rxe4 27.Ne7+ Rxe7 28.fxe7 Bg7
29.Qe3 Be8 30.Nd2 Qa4 31.Re1 b6 32.Ne4 Qc6 33.Qf4 d5 34.Nd6  1-0

[Event "Stary Smokovec"]
[Site "Stary Smokovec"]
[Date "1972.??.??"]
[Round "6"]
[White "Kovacs, Laszlo M"]
[Black "Pribyl, Josef"]
[Result "1/2-1/2"]
[WhiteElo "2400"]
[BlackElo "2435"]

1.e4 c5 2.Nc3 Nc6 3.Nf3 Nf6 4.d4 d5 5.exd5 Nxd5 6.Nxd5 Qxd5 7.dxc5 Qxd1+
8.Kxd1 Bg4 9.Be3 e5 10.Be2 f5 11.Ng5 Rd8+ 12.Ke1 Bxe2 13.Kxe2 f4 14.Bd2 Bxc5
15.Bc3 Ke7 16.Rad1 h6 17.Ne4 Bd4 18.Rd3 Bxc3 19.bxc3 b6 20.Rhd1 Rxd3 21.cxd3 Rd8
22.g3 fxg3 23.hxg3 Rd5 24.Rd2 Ra5 25.Ke3 Ke6 26.g4 Ne7 27.c4 Ra3 28.Rb2 g6
29.f3 h5 30.Rh2 a6 31.Ng5+ Kf6 32.Ne4+ Ke6 33.Ng5+  1/2-1/2

[Event "SWE-ch"]
[Site "?"]
[Date "1972.??.??"]
[Round "7"]
[White "Lekander, Rolf"]
[Black "Fridh, Anton"]
[Result "1/2-1/2"]
[WhiteElo "2200"]
[BlackElo "2200"]

1.e4 c5 2.Nc3 Nc6 3.Nf3 g6 4.d4 cxd4 5.Nxd4 Bg7 6.Be3 d6 7.f3 Nf6 8.Qd2 Bd7
9.Bc4 a6 10.Bb3 Na5 11.O-O-O Nxb3+ 12.Nxb3 a5 13.Bh6 Bxh6 14.Qxh6 a4 15.Nd4 a3
16.b3 Qa5 17.Rd3 Rc8 18.Qd2  1/2-1/2

[Event "IBM-B"]
[Site "Amsterdam"]
[Date "1973.??.??"]
[Round "5"]
[White "Van den Berg, AMJ."]
[Black "Bellin, Robert"]
[Result "1-0"]
[WhiteElo "2200"]
[BlackElo "2320"]

1.e4 c5 2.Nc3 Nc6 3.Nge2 d6 4.d4 cxd4 5.Nxd4 Nf6 6.Bg5 e6 7.Qd2 a6 8.O-O-O Bd7
9.f4 Be7 10.f5 Ne5 11.fxe6 fxe6 12.Nf3 Qc7 13.Be2 Nf7 14.Bh4 h6 15.Rhe1 g5
16.Bf2 b5 17.a3 Ne5 18.Kb1 Rb8 19.Bg3 a5 20.Nd4 Nc4 21.Qd3 e5 22.Ndxb5 Rxb5
23.Qxc4 Rc5 24.Qd3 O-O 25.Bf2 Rxc3 26.Qxc3 Qxc3 27.bxc3 Rc8 28.Bd3 Rxc3 29.Kb2 Rc8
30.c4 Bc6 31.Ka2 Nd7 32.Rb1 Bd8 33.Rf1 Kg7 34.Rb2 Bc7 35.Be3 Re8 36.Rbf2 Re7
37.h4 gxh4 38.Rh1 Nc5 39.Bc2 Re6 40.Rxh4 Rg6 41.Bxc5 dxc5 42.Rh3 Bd8 43.Rb3 Bc7
44.Rbf3 Be8 45.Ba4 Bxa4 46.Rf7+  1-0

[Event "IBM-B"]
[Site "Amsterdam"]
[Date "1973.??.??"]
[Round "7"]
[White "Van den Berg, AMJ."]
[Black "Hartoch, Robert G"]
[Result "1/2-1/2"]
[WhiteElo "2200"]
[BlackElo "2380"]

1.e4 c5 2.Nc3 Nc6 3.Nge2 d6 4.d4 cxd4 5.Nxd4 e6 6.Bc4 Nf6 7.Be3 Be7 8.Qe2 a6
9.O-O-O Qc7 10.Bb3 O-O 11.g4 Nxd4 12.Rxd4 b5 13.g5 Nd7 14.h4 Nc5 15.h5 Nxb3+
16.axb3 f5  1/2-1/2

[Event "Australia op"]
[Site "Australia"]
[Date "1973.??.??"]
[Round "6"]
[White "Kolodny, B."]
[Black "Jordan, William"]
[Result "1/2-1/2"]
[WhiteElo "2200"]
[BlackElo "2200"]

1.e4 c5 2.Nf3 Nc6 3.Nc3 e5 4.Bc4 g6 5.d3 Bg7 6.Be3 d6 7.Qd2 Nd4 8.Bxd4 cxd4
9.Ne2 Bh6 10.Qb4 Ne7 11.c3 dxc3 12.Nxc3 O-O 13.Nb5 d5 14.exd5 Rb8 15.Qd6 Qxd6
16.Nxd6 Nf5 17.Ne4 Nd4 18.Nxd4 exd4 19.O-O b5 20.Bb3 a5 21.a3 Rd8 22.Nc5 Bf5
23.Ne4 a4 24.Ba2 Rbc8 25.g4 Bxe4 26.dxe4 d3 27.f4 Rc2 28.Bb1 Rd2 29.Rf2 Rd1+
30.Rf1 Rd2 31.Rf2 Rd1+ 32.Rf1  1/2-1/2

[Event "ARG-ch"]
[Site "Santa Fe"]
[Date "1973.??.??"]
[Round "2"]
[White "Szmetan, Jorge"]
[Black "Pelikan, Jorge"]
[Result "1-0"]
[WhiteElo "2390"]
[BlackElo "2375"]

1.e4 c5 2.Nf3 Nc6 3.Nc3 Nf6 4.Bb5 Qc7 5.O-O g6 6.Re1 Bg7 7.d3 a6 8.e5 Ng4
9.Bxc6 dxc6 10.Bf4 h5 11.h3 Nh6 12.Ne4 b6 13.Qd2 Be6 14.Nf6+ Kf8 15.Ng5 Nf5
16.Ngh7+ Rxh7 17.Nxh7+ Kg8 18.Ng5 Qd7 19.c3 Rd8 20.Qe2 a5 21.g4 hxg4 22.hxg4 Nh4
23.f3 Bd5 24.Bg3 Nxf3+ 25.Nxf3 Qxg4 26.Kf2  1-0

[Event "ARG-ch"]
[Site "Santa Fe"]
[Date "1973.??.??"]
[Round "4"]
[White "Leskovar, Mario"]
[Black "Pelikan, Jorge"]
[Result "1/2-1/2"]
[WhiteElo "2200"]
[BlackElo "2375"]

1.e4 c5 2.Nf3 Nc6 3.Nc3 g6 4.g3 Bg7 5.Bg2 e5 6.d3 Nge7 7.O-O d6 8.Nh4 O-O
9.f4 exf4 10.Bxf4 Be6 11.Qd2 Qd7 12.Kh1 d5 13.exd5 Nxd5 14.Bh6 f6 15.Ne4 b6
16.Rae1 Rad8 17.Bxg7 Kxg7 18.a3 Bh3 19.b4 Bxg2+ 20.Nxg2 cxb4 21.axb4 Rde8
22.b5 Ne5 23.c4 Nc7 24.Nf4 f5 25.Ng5 h6 26.Nf3 Nxf3 27.Rxf3 Rxe1+ 28.Qxe1 Qd4
29.Re3 Rf7 30.Re7 g5 31.Ne6+ Nxe6 32.Rxe6 f4 33.Qe5+ Qxe5 34.Rxe5 Rd7 35.gxf4 gxf4
36.Re4 Rxd3 37.Rxf4 Rc3  1/2-1/2

[Event "Stary Smokovec"]
[Site "Stary Smokovec"]
[Date "1973.??.??"]
[Round "3"]
[White "Bohosjan, Sarkis"]
[Black "Petrik, Karol"]
[Result "1-0"]
[WhiteElo "2425"]
[BlackElo "2200"]

1.e4 c5 2.Nc3 Nc6 3.Nf3 g6 4.d4 cxd4 5.Nxd4 Bg7 6.Nb3 Nf6 7.Be2 O-O 8.O-O d6
9.Bg5 a6 10.f4 b5 11.Bf3 Bb7 12.Kh1 Nd7 13.Qe2 Nc5 14.Nd5 Ne6 15.Bh4 h6 16.c3 g5
17.fxg5 hxg5 18.Bg3 Ne5 19.Bh5 f5 20.Nd4 Nxd4 21.cxd4 Nd7 22.Bg6 f4 23.Qh5 Nf6
24.Nxf6+ Rxf6 25.Be1 e5 26.dxe5 dxe5 27.Qh7+  1-0